Państwa Ameryki Poludniowej - Statystyki

Ogólne statystyki
  • Ten quiz został rozwiązany 41 razy
  • Średni wynik to 11 z 12
Odpowiedzi na mapie
Odpowiedzi zakodowano w zielono-czerwonej skali na mapie do tego quizu, zgodnie z poniższymi procentami.
 
Statystyki odpowiedzi
Państwo % Poprawnych
Argentyna
100%
Brazylia
100%
Chile
100%
Wenezuela
100%
Peru
97%
Boliwia
93%
Ekwador
93%
Paragwaj
93%
Urugwaj
93%
Kolumbia
90%
Gujana
87%
Surinam
77%
Nie znaleziono quizów pasujących do podanych kryteriów
Rozkład punktacji
Procent ludzi z każdym wynikiem
Percentyl według liczby udzielonych odpowiedzi
Twoja historia wyników
Nie rozwiązałeś tego quizu